00641nam a2200169Ia 4500008004100000100003100041245014100072245003100213260005900244260000900303300000800312650001800320650001500338856002600353999001900379952007300398170221s9999 xx 000 0 und d aAwobamise Ayodeji Olalekan 2aA Comparative Discourse Analysis of Western and Local (Nigerian) Media Depictions of the Presidential Pardon of Diepreye Alamieyeseigha  cAwobamise Ayodeji Olalekan bOnline Journal of Communication and Media Technologies c2013 a2 : xCommunication xMedia Arts uhttp://www.ojcmt.net/ c308832d308832 001040aCLbCLd2017-02-21l0r2017-02-21 00:00:00w2017-02-21yFOJ